Statistics for Every Gloria Estefan song that hit the Billboard hot 100

Click here to take the quiz!

General Stats

  • This quiz has been taken 17 times
  • The average score is 10 of 29

Answer Stats

Peak Chart PositionYearSong% Correct
101986Conga
92%
319881-2-3
69%
11988Anything For You
62%
81986Bad Boy
54%
11991Coming Out Of The Dark
54%
51987Rhythm Is Gonna Get You
54%
11989Don't Wanna Lose You
46%
111989Get On Your Feet
46%
131994Turn The Beat Around (From "The Specialist")
46%
51986Words Get In The Way
46%
61988Can't Stay Away From You
38%
251987Falling In Love (Uh-Oh)
38%
21999Music Of My Heart
38%
481990Oye Mi Canto (Hear My Voice)
38%
351987Betcha Say That
31%
61990Here We Are
31%
221991Live For Loving You
31%
811992Always Tomorrow
23%
271995Everlasting Love
23%
481993I See Your Smile
23%
421996Reach
23%
431991Can't Forget You
15%
441990Cuts Both Ways
15%
761998Don't Let This Moment End
15%
531991Seal Our Fate
15%
701996You'll Be Mine (Party Time)
15%
271998Heaven's What I Feel
8%
401997I'm Not Giving You Up
8%
772000No Me Dejes De Querer
8%

Score Distribution

Percentile by Number Answered

Percent of People with Each Score

Your Score History

You have not taken this quiz